[Event "GER CM06-C email"]
[Site "GER email"]
[Date "2019.06.19"]
[Round "?"]
[White "Enkalo, Mykola"]
[Black "Sherwood, Russell"]
[Result "1/2-1/2"]
[WhiteElo "2372"]
[BlackElo "2373"]
[PlyCount "89"]
[EventDate "2019.??.??"]
[EventType "tourn (corr)"]
[EventRounds "13"]
[EventCountry "GER"]
[SourceTitle "Corr 2024"]
[Source "ChessBase"]
[SourceDate "2023.10.19"]
[SourceVersion "1"]
[SourceVersionDate "2023.10.19"]
[SourceQuality "1"]

1. d4 Nf6 2. c4 e6 3. Nf3 b6 4. a3 Bb7 5. Nc3 d5 6. cxd5 Nxd5 7. Qc2 Nxc3 8. bxc3 c5 9. e4 Nd7 10. Bf4 cxd4 11. cxd4 Rc8 12. Qb3 Be7 13. Bd3 Nf6 14. Qb5+ Bc6 15. Qb1 0-0 16. 0-0 Qd7 17. Re1 Ba4 18. Bd2 h6 19. Qb2 Rfd8 20. h3 Qb7 21. Bb4 Bf8 22. Ne5 Rc7 23. Rab1 Rdc8 24. Bxf8 Rxf8 25. Qe2 Rd8 26. Rb4 Be8 27. Ba6 Qb8 28. Qe3 Bc6 29. Nxc6 Rxc6 30. Rb3 Qc7 31. Bb5 Rc2 32. Rd3 Qe7 33. Red1 Rdc8 34. a4 Qb4 35. Rb3 Qe7 36. g3 Qd8 37. d5 exd5 38. exd5 Qd6 39. Rd4 Kf8 40. Kg2 R2c5 41. Rbd3 Rd8 42. Qd2 Nd7 43. Re3 Nf6 44. Red3 Rdc8 45. Kh2 1/2-1/2